<?xml version="1.0" encoding="UTF-8"?><?xml-stylesheet type="text/xsl" href="static/style.xsl"?><OAI-PMH xmlns="http://www.openarchives.org/OAI/2.0/" xmlns:xsi="http://www.w3.org/2001/XMLSchema-instance" xsi:schemaLocation="http://www.openarchives.org/OAI/2.0/ http://www.openarchives.org/OAI/2.0/OAI-PMH.xsd"><responseDate>2026-06-01T06:56:36Z</responseDate><request verb="GetRecord" identifier="oai:riuma.uma.es:10630/40672" metadataPrefix="marc">https://riuma.uma.es/rest/oai/request</request><GetRecord><record><header><identifier>oai:riuma.uma.es:10630/40672</identifier><datestamp>2026-02-03T11:06:21Z</datestamp><setSpec>com_10630_2254</setSpec><setSpec>col_10630_37953</setSpec></header><metadata><record xmlns="http://www.loc.gov/MARC21/slim" xmlns:dcterms="http://purl.org/dc/terms/" xmlns:doc="http://www.lyncode.com/xoai" xmlns:xsi="http://www.w3.org/2001/XMLSchema-instance" xsi:schemaLocation="http://www.loc.gov/MARC21/slim http://www.loc.gov/standards/marcxml/schema/MARC21slim.xsd">
   <leader>00925njm 22002777a 4500</leader>
   <datafield ind2=" " ind1=" " tag="042">
      <subfield code="a">dc</subfield>
   </datafield>
   <datafield ind2=" " ind1=" " tag="720">
      <subfield code="a">Zamudio-García, Javier</subfield>
      <subfield code="e">author</subfield>
   </datafield>
   <datafield ind2=" " ind1=" " tag="720">
      <subfield code="a">Caizán-Juanarena, Leire</subfield>
      <subfield code="e">author</subfield>
   </datafield>
   <datafield ind2=" " ind1=" " tag="720">
      <subfield code="a">Dos-Santos-Gómez, Lucía</subfield>
      <subfield code="e">author</subfield>
   </datafield>
   <datafield ind2=" " ind1=" " tag="720">
      <subfield code="a">Porras-Vázquez, José Manuel</subfield>
      <subfield code="e">author</subfield>
   </datafield>
   <datafield ind2=" " ind1=" " tag="720">
      <subfield code="a">Ramírez-Losilla, Enrique</subfield>
      <subfield code="e">author</subfield>
   </datafield>
   <datafield ind2=" " ind1=" " tag="720">
      <subfield code="a">Marrero-López, David</subfield>
      <subfield code="e">author</subfield>
   </datafield>
   <datafield ind2=" " ind1=" " tag="260">
      <subfield code="c">2025-04-12</subfield>
   </datafield>
   <datafield ind2=" " ind1=" " tag="520">
      <subfield code="a">La0.8Sr0.2MnO3-δ (LSM)-Pr6O11 nanocomposite electrodes are prepared via a one-step spray-pyrolysis deposition directly onto the electrolyte and evaluated as cathodes for solid oxide fuel cells (SOFCs). The nanoscale integration of two immiscible phases effectively inhibits grain growth while improving mechanical compatibility with the electrolyte. The confinement of the fluorite Pr6O11 phase at the nanoscale during the self-assembly process, achieved by adding the perovskite-type LSM phase with a different crystal structure, hinder the thermally induced phase transitions of Pr6O11 compared to the bulk material. The extended triple-phase-boundary (TPB) in these nanoengineered electrodes leads to exceptional electrochemical performance, achieving a polarization resistance of 0.21 Ω cm2 at 650 °C, significantly lower than the 5.8 Ω cm2 measured for a traditional screen-printed LSM cathode. An anode-supported cell incorporating these nanocomposite electrodes achieves a peak power density of 1.22 W cm−2 at 800 °C in wet H2, far exceeding the 0.58 W cm−2 observed for the single cell with a commercial LSM electrode under identical conditions. These findings underscore the significant benefits of advanced nanostructured electrode designs and innovative fabrication techniques in achieving high performance and durability in SOFCs.</subfield>
   </datafield>
   <datafield ind1="8" ind2=" " tag="024">
      <subfield code="a">International Journal of Hydrogen Energy 126 (2025) 552–561</subfield>
   </datafield>
   <datafield ind1="8" ind2=" " tag="024">
      <subfield code="a">https://hdl.handle.net/10630/40672</subfield>
   </datafield>
   <datafield ind1="8" ind2=" " tag="024">
      <subfield code="a">10.1016/j.ijhydene.2025.04.130</subfield>
   </datafield>
   <datafield tag="653" ind2=" " ind1=" ">
      <subfield code="a">Cristalografía</subfield>
   </datafield>
   <datafield tag="653" ind2=" " ind1=" ">
      <subfield code="a">Cátodos</subfield>
   </datafield>
   <datafield tag="653" ind2=" " ind1=" ">
      <subfield code="a">Pilas de combustible</subfield>
   </datafield>
   <datafield ind2="0" ind1="0" tag="245">
      <subfield code="a">Enhanced thermal and electrochemical properties in La0.8Sr0.2MnO3-δ-Pr6O11 nanocomposite cathodes for solid oxide fuel cells</subfield>
   </datafield>
</record>
</metadata></record></GetRecord></OAI-PMH>